| 000 | 00580nam a22001937a 4500 | ||
|---|---|---|---|
| 003 | NALT | ||
| 005 | 20220825143937.0 | ||
| 008 | s2006 eng d | ||
| 040 | _aNALT | ||
| 041 | _aeng | ||
| 050 | _aZ4101 N37 2006 | ||
| 245 | 1 | 0 | _aNational Library of New Zealand annual report 2006 |
| 260 | 3 |
_aWellington : _bNational Library of New Nealand, _c2006 |
|
| 300 |
_a72 p. : _b ill., tables ; _c 30 cm. |
||
| 610 | _aNational Library of New Zealand | ||
| 650 | 0 | 4 | _aNational Library of New Zealand -- Annual report -- 2006 |
| 850 | _aNALT | ||
| 942 |
_cGB _2lcc |
||
| 999 |
_c49429 _d49429 |
||
| 998 |
_j109 _k นางสาวอารีรัตน์ วิชาช่าง |
||